Một thời để nhớ - Nam bộ nhân vật chí
Saved in:
| Main Author: | |
|---|---|
| Format: | Book |
| Language: | Undetermined |
| Published: |
Tp. HCM
Trẻ
|
| Subjects: | |
| Tags: |
Add Tag
No Tags, Be the first to tag this record!
|
| Institutions: | Trung tâm Học liệu Trường Đại học Cần Thơ |
|---|
| LEADER | 00529nam a2200169Ia 4500 | ||
|---|---|---|---|
| 001 | CTU_55471 | ||
| 008 | 210402s9999 xx 000 0 und d | ||
| 020 | |b 44000 | ||
| 082 | |a 895.922803 | ||
| 082 | |b Đ557 | ||
| 100 | |a Nguyễn Thị Được | ||
| 245 | 0 | |a Một thời để nhớ - Nam bộ nhân vật chí | |
| 245 | 0 | |c Nguyễn Thị Được | |
| 260 | |a Tp. HCM | ||
| 260 | |b Trẻ | ||
| 650 | |a memoirs,historical fiction, vietnamese | ||
| 980 | |a Trung tâm Học liệu Trường Đại học Cần Thơ | ||